La science américaniste á propos du Congres International de Madrid (25-28 septembre 1881) / (Record no. 28885)

MARC details
000 -LEADER
campo de control de longitud fija 00716nam a2200205 i 4500
001 - NÚMERO DE CONTROL
campo de control 28885
003 - IDENTIFICADOR DE NÚMERO DE CONTROL
campo de control ES-MaACL
005 - FECHA Y HORA DE LA ÚLTIMA TRANSACCIÓN
campo de control 20250718191208.0
007 - CAMPO FIJO DE DESCRIPCIÓN FÍSICA--INFORMACIÓN GENERAL
campo de control de longitud fija t|
008 - DATOS DE LONGITUD FIJA--INFORMACIÓN GENERAL
campo de control de longitud fija 030120s1882 be ||||1| fre d
100 1# - ENTRADA PRINCIPAL--NOMBRE DE PERSONA
Nombre de persona Bamps, Anatole.
9 (RLIN) 25152
245 13 - MENCIÓN DEL TÍTULO
Título La science américaniste á propos du Congres International de Madrid (25-28 septembre 1881) /
Mención de responsabilidad, etc. Anatole Bamps.
260 ## - PUBLICACIÓN, DISTRIBUCIÓN, ETC.
Lugar de publicación, distribución, etc. Louvain :
Nombre del editor, distribuidor, etc. [s.n.],
Fecha de publicación, distribución, etc. 1882 (
Fabricante Tipographie de Charles Peeters)
300 ## - DESCRIPCIÓN FÍSICA
Extensión 24 p. ;
Dimensiones 24 cm.
594 ## - Nota al título y mención de responsabilidad
Nota al título y mención de responsabilidad Extraido de Muséon.
650 #4 - PUNTO DE ACCESO ADICIONAL DE MATERIA--TÉRMINO DE MATERIA
Término de materia o nombre geográfico como elemento de entrada Ciencia-
Subdivisión geográfica América.
9 (RLIN) 148028
711 2# - ENTRADA AGREGADA--NOMBRE DE REUNIÓN
Nombre de congreso/reunión o jurisdicción como elemento de entrada Congreso Internacional de Americanistas
Número del congreso/reunión o número de parte o sección (4º.
Fecha del congreso o de la firma del tratado 1881.
Sede del congreso/Lugar de la reunión Madrid)
9 (RLIN) 148029
852 ## - LOCALIZACIÓN
Ubicación ES-MaACL
Número de control de estantería T-541-F-1
Holdings
Estatus retirado Estado de pérdida Estado de daño No para préstamo Colección Biblioteca de origen Biblioteca actual Ubicación en estantería Fecha de adquisición Fuente de adquisición Total de préstamos Signatura topográfica completa Código de barras Visto por última vez Precio de reemplazo Tipo de ítem Koha
        Colección de folletos Biblioteca del Ateneo de Madrid Biblioteca del Ateneo de Madrid Depósito folletos 17/01/2008     T-541-F-1 1029821 23/02/2023 23/02/2023 Folleto